| 000 | 00777nam a22001937a 4500 | ||
|---|---|---|---|
| 005 | 20211025125822.0 | ||
| 008 | 211025b mx ||||| |||| 00| 0 spa d | ||
| 020 | _a9688634786 | ||
| 050 | 0 | 4 |
_aF1391.P9.E8 _bP74 2002 |
| 245 | 0 | 0 |
_aPresencia española en Puebla, siglos XVI-XX / _cAgustín Grajales, Lilian Illades, compiladores |
| 250 | _aPrimera edición | ||
| 260 |
_aPuebla, Pue. : _bBenemérita Universidad Autónoma de Puebla, Instituto de Ciencias Sociales y Humanidades ; _bEmbajada de España en México, _c2002 |
||
| 300 |
_a339 p. : _bilustraciones, _c23 cm. |
||
| 650 | 7 |
_2lemb _aEspañoles _zPuebla _xHistoria |
|
| 651 | 7 |
_2lemb _aPuebla _xHistoria |
|
| 700 | 1 |
_aGrajales, Agustin, _ecompilador |
|
| 700 | 1 |
_aIllades, Lilian, _ecompilador |
|
| 942 |
_2lcc _cLIB |
||
| 999 |
_c158327 _d158325 |
||